| 000 | 00000nam##2200000za#4500 |
| 001 | 9.571492 |
| 003 | CaOODSP |
| 005 | 20210624182741 |
| 007 | cr ||||||||||| |
| 008 | 150406|2005||||xxc|||||o f|0| 0 eng|d |
| 040 | |aCaOODSP|beng |
| 043 | |an-cn--- |
| 086 | 1 |aTU3-5/05-34E-PDF |
| 110 | 2 |aTransportation Safety Board of Canada. |
| 245 | 10|aEngine power loss - Stanton Mackenzie Flying Services Inc., Cessna 185F C-GAXK CNJ4 (MARA) Orillia, Ontario, 5 nm E, 18 July 2005 |h[electronic resource] |
| 260 | |aGatineau - Quebec : |bTransportation Safety Board of Canada |c[2006]. |
| 300 | |a6p.|bphotographs |
| 490 | 1 |aAviation investigation report |vA05O0146 |
| 590 | |a11-31-Supp|b2011-12-13 |
| 775 | 08|tPerte de puissance moteur du Cessna 185F C-GAXK exploité par Stanton Mackenzie Flying Services Inc. à 5 nm à l'est de CNJ4 (MARA) Orillia (Ontario), le 18 juillet 2005 |w(CaOODSP)9.602084 |
| 830 | #0|aAviation investigation report ;|vA05O0146|w(CaOODSP)9.504825 |
| 856 | 40|ahttp://publications.gc.ca|qPDF|s180 KB|uhttps://publications.gc.ca/collections/collection_2011/bst-tsb/TU3-5-05-34-eng.pdf|yA05O0146 |